Văn hoá tâm linh /
Сохранить в:
| Главный автор: | |
|---|---|
| Формат: | Sách giấy |
| Язык: | Vietnamese |
| Опубликовано: |
Hà Nội :
Hà Nội ,
1996
|
| Предметы: | |
| Метки: |
Добавить метку
Нет меток, Требуется 1-ая метка записи!
|
| Thư viện lưu trữ: | Thư viện Trường Đại học Đà Lạt |
|---|
| LEADER | 00738nam a2200289 4500 | ||
|---|---|---|---|
| 001 | DLU020012774 | ||
| 005 | ##5/29/2000 | ||
| 020 | # | # | |a 978- |
| 041 | # | # | |a vie |
| 082 | # | # | |a 306.6 |b NG-D |
| 090 | # | # | |a 306.6 |b NG-D |
| 100 | # | # | |a Nguyễn Đăng Duy |
| 245 | # | # | |a Văn hoá tâm linh / |c Nguyễn Đăng Duy |
| 260 | # | # | |a Hà Nội : |b Hà Nội , |c 1996 |
| 300 | # | # | |a 316 tr.; |c 19 cm. |
| 650 | # | # | |a Tôn giáo và văn hoá |z Việt Nam. |
| 651 | # | # | |a Việt Nam |x Đời sống tôn giáo và nghi thức. |
| 651 | # | # | |a Việt Nam |x Tôn giáo. |
| 992 | # | # | |a 25000 |
| 994 | # | # | |a DLU |
| 900 | # | # | |a False |
| 911 | # | # | |a Administrator |
| 925 | # | # | |a G |
| 926 | # | # | |a A |
| 927 | # | # | |a SH |
| 980 | # | # | |a Thư viện Trường Đại học Đà Lạt |